000 00413 a2200145 4500
999 _c7658
_d7658
020 _a9780748625789
050 _aHM623RES2008
100 _aPickering, Michael
245 _aResearch methods for cultural studies /
_cedited by Michael Pickering
264 _aCrydon
_bEdinburgh University Press
_c2008
300 _a240p.
500 _aIncludes index
650 _aResearch Methods
942 _2lcc
_cBK
_h623
_iRES
_kHM